India Rising @ SIlicon Valley/ (Record no. 206154)

MARC details
000 -LEADER
fixed length control field 00576nam a2200181 4500
005 - DATE AND TIME OF LATEST TRANSACTION
control field 20241007165814.0
010 ## - LCCN (DPL NO)
LC control number ENG-141940
020 ## - INTERNATIONAL STANDARD BOOK NUMBER
International Standard Book Number 9788129138002
Terms of availability 1600.00
035 ## - SYSTEM CONTROL NUMBER
System control number EN-125492
037 ## - SOURCE OF ACQUISITION
Source of stock number/acquisition DBAD
082 ## - DEWEY DECIMAL CLASSIFICATION NUMBER
Classification number 004.09548711
Edition number 1
245 ## - TITLE STATEMENT
Title India Rising @ SIlicon Valley/
Statement of responsibility, etc By Confederation of Indian Industry
250 ## - EDITION STATEMENT
Edition statement 1
260 ## - PUBLICATION, DISTRIBUTION, ETC. (IMPRINT)
Place of publication, distribution, etc New Delhi
Name of publisher, distributor, etc Rupa Publications India Pvt. Ltd.
Date of publication, distribution, etc 2015
270 ## - ADDRESS
Address 7/16,Ansari Road, Daryaganj
City New Delhi
Postal code 110002
300 ## - PHYSICAL DESCRIPTION
Extent 99p.
Other physical details Index,Col. Ill.
Dimensions 30cm(hbk)
942 ## - ADDED ENTRY ELEMENTS (KOHA)
Source of classification or shelving scheme Dewey Decimal Classification
Item type English Books
Classification part 004.09548711
Call number suffix IND
Holdings
Withdrawn status Lost status Not for loan Collection code Home library Current library Date acquired Source of acquisition Cost, normal purchase price Full call number Barcode Copy number Cost, replacement price Koha item type
    Not For Loan Non-fiction Central Library Central Library 07/10/2024 Delivery of Books Act Division 1600.00 004.09548711 IND EN-125472 1 1600.00 English Books

© Delhi Public Library
Hit Counter
free hit counter